000 00364nam a2200133 i 4500
001 bg
100 1 _aROSŁONIEC, Stanisław
245 0 _aAlgorytmy projektowania wybranych liniowych układów mikrofalowych /
_cStanisław Rosłaniec.
260 _aWarszawa,
_c1987.
040 _cBPK
041 _apol
942 _cKS
008 s pl f |000 0 pol
999 _c23957
_d23957
856 _uhttp://koha.tu.koszalin.pl/cgi-bin/koha/opac-detail.pl?biblionumber=23957
_yKatalog online BPK